000 00714nam a2200229 i 4500
001 27958
003 ES-MaACL
005 20230906153733.0
007 t|
008 030115s1977 sp ||||1| spa d
020 _a84-339-0750-6
100 1 _aBalcells, Albert.
_924860
245 1 0 _aMarxismo y catalanismo, 1930-1936 /
_cAlbert Balcells.
260 _aBarcelona :
_bAnagrama,
_c[1977]
300 _a109 p. ;
_c18 cm.
490 1 _aCuadernos Anagrama ;
_v150. Documentos
650 4 _aMarxismo-
_zCataluña.
_9172202
651 4 _aCataluña-
_xPolítica y gobierno-
_y1931-1939.
_9172203
830 1 _aCuadernos Anagrama ;
_v150. Documentos
_9181159
852 _aES-MaACL
_jA-7910
999 _c27958
_d27958